000 00639nam a2200229Ia 4500
003 OSt
005 20220923214821.0
006 a|||||r|||| 00| 0
007 ta
008 220922b |||||||| |||| 00| 0 hin d
024 _a173,066
037 _cTextual
040 _aARTS
_cARTS
_bhin
041 _2hin
_ahin
082 _aO152:6N11x, J7
100 _aउपाध्याय, केशव देव
245 0 _aनवीन दर्शन
246 _aNavīn darshana
260 _c1957
942 _hO152:6N11x, J7
_cTEXL
_2CC
999 _c326973
_d326973